000
00323nas a2200145 a 4500
001
71425
003
145479
005
20201118110932.0
008
||||||n9999 ||| || ||
245
0
_a
Hombre & Trabajo - Vol.11 No.29
260
_c
1993.
562
_e
0
773
_0
24569
_a
Hombre & Trabajo
942
_c
SISS
999
_c
71425
_d
71425